000
00302nam a22001337a 4500
008
210304b ||||| |||| 00| 0 eng d
020
_a
9780321334336
041
_a
eng
080
_2
9th
_a
510
100
_a
36
101
_a
MAT
245
_a
Mathematics with Applications
_c
Lial,L.M
942
_2
udc
_c
BK
999
_c
55767
_d
55767